000 00334 a2200157 4500
001 192565
020 _a978-0-521-75261-9
040 _cMagnum
100 _aRose, Jane
240 1 0 _aNot yet, Nathan!
_lpor
245 1 0 _aNot yet, Nathan!
300 _a15
362 0 _a1996
697 _aLITERATURA INFANTIL INGLESA
942 _cBK
999 _c192565
_d192565